Valaliky Babjakovi sedia

Bibliographic Details
Main Author: av (Author)
Format: Article
Language:Slovak
Subjects:

MARC

LEADER 00000nab a2200000 a 4500
001 vtls000911500
003 SK-MaSNL
005 20260302174231.0
008 040720e20010614xo 0 slo
035 |a KE20418 
040 |a KEVKJB  |b slo  |c KEVKJB  |e AACR2 
041 0 |a slo 
044 |a xo  |c SK 
080 |a 796.422  |2 1981 
100 0 |a av  |4 aut  |9 847103 
245 1 0 |a Valaliky Babjakovi sedia 
650 0 7 |a beh  |2 KEVKJB  |9 3281 
650 0 7 |a priebeh  |2 KEVKJB  |9 29559 
650 0 7 |a informácie  |2 KEVKJB  |9 1285 
651 7 |a Valaliky (Slovensko)   |2 KEVKJB  |9 31699 
651 7 |a Košice-okolie (Slovensko : okres)  |2 KEVKJB  |9 146743 
651 7 |a KS,  |2 KEVKJB  |9 880381 
655 7 |a periodikum  |2 snkbucl  |9 29553 
773 0 8 |t Košický večer  |g Roč. 12  |g Roč. 33, č.114, 14.6.2001, s. 15 
852 |a ZVYKNI  |b KIS3GCP 
999 |c 1403413  |d 1405343